Philippians : (Record no. 7840)

MARC details
000 -LEADER
fixed length control field 01740cam a2200337 a 4500
001 - CONTROL NUMBER
control field 15511306
003 - CONTROL NUMBER IDENTIFIER
control field GBCCL
005 - DATE AND TIME OF LATEST TRANSACTION
control field 20241126110638.0
008 - FIXED-LENGTH DATA ELEMENTS--GENERAL INFORMATION
fixed length control field 081105s1987 enk b 000 0 eng
010 ## -
-- 2008046947
020 ## - INTERNATIONAL STANDARD BOOK NUMBER
International Standard Book Number 0851116078
035 ## - SYSTEM CONTROL NUMBER
System control number (OCoLC)ocn233940144
035 ## - SYSTEM CONTROL NUMBER
System control number (OCoLC)233940144
040 ## - CATALOGING SOURCE
Original cataloging agency DLC
Transcribing agency DLC
Modifying agency BTCTA
-- BAKER
-- C#P
-- DLC
050 00 -
-- BS2705.53
-- .M37 1987
082 00 - DEWEY DECIMAL CLASSIFICATION NUMBER
Classification number 225.7
Edition information 22
Item number TYN
100 1# - MAIN ENTRY--PERSONAL NAME
Personal name Martin, Ralph P.
9 (RLIN) 2746
240 10 -
-- Epistle of Paul to the Philippians
245 10 - TITLE STATEMENT
Title Philippians :
Remainder of title an introduction and commentary /
Statement of responsibility, etc. Ralph P. Martin.
260 ## - PUBLICATION, DISTRIBUTION, ETC.
Place of publication, distribution, etc. Downers Grove, Ill. :
Name of publisher, distributor, etc. Inter-Varsity Press :
-- IVP Academic,
Date of publication, distribution, etc. 1950
300 ## - PHYSICAL DESCRIPTION
Extent 186 p. ;
Dimensions 21 cm.
490 1# - SERIES STATEMENT
Series statement Tyndale New Testament commentaries ;
Volume/sequential designation v. 11
500 ## - GENERAL NOTE
General note Originally published: The Epistle of Paul to the Philippians. Rev. ed., 2nd ed. Leicester, England : Inter-Varsity Press ; Grand Rapids, Mich. : W.B. Eerdmans Pub. Co., 1987.
504 ## - BIBLIOGRAPHY, ETC. NOTE
Bibliography, etc. note Includes bibliographical references.
505 ## - FORMATTED CONTENTS NOTE
Formatted contents note v.1 Matthew.-- v.2 Mark.-- v.3 Luke.-- v.4 John.-- v.5 Acts.-- v.6 Romans.-- v.7 I Corinthians.-- v.8 II Corinthians.-- v.9 Galatians.-- v.10 Ephesians.-- v.11 Philippians.-- v.12 Colossians and Philemon.-- v.13 I,II Thessalonians.-- v.14 Pastoral Epistles.-- v.15 Hebrews.-- v.16 James.-- v.17 I Peter.-- v.18 II Peter, Jude.-- v.19 I, II,III John.-- v.20 Revelation.
630 00 - SUBJECT ADDED ENTRY--UNIFORM TITLE
Uniform title Bible.
Name of part/section of a work Philippians
Form subdivision Commentaries.
9 (RLIN) 12147
830 #0 -
-- Tyndale New Testament commentaries ;
-- 11.
-- 13696
906 ## - LOCAL DATA ELEMENT F, LDF (RLIN)
a 7
b cbc
c orignew
d 1
e ecip
f 20
g y-gencatlg
942 ## - ADDED ENTRY ELEMENTS (KOHA)
Source of classification or shelving scheme Dewey Decimal Classification
Koha item type Books
Holdings
Withdrawn status Lost status Source of classification or shelving scheme Damaged status Not for loan Home library Current Library Shelving location Date acquired Total checkouts Full call number Barcode Date last seen Copy number Price effective from Koha item type
    Dewey Decimal Classification     GRACE BIBLE COLLEGE GRACE BIBLE COLLEGE Biblical Studies 2018-10-10   225.7 TYN 004155 2025-05-01 v.11 2018-10-10 Books
© Grace Bible College Library 2025